000 00530pam a2200193 a 4500
020 _a0801425352 (alk. paper)
040 _cDLC
082 0 0 _a338 COR 1991 A075 Or.
100 1 _aEvenson, Robert E.
245 1 0 _aResearch and productivity in Asian agriculture /
260 _aIthaca :
_bCornell University Press,
_c1991.
300 _avi, 383 p. :
_bill. ;
_c24 cm.
650 0 _aAgriculture
650 0 _aAgriculture
650 0 _aAgricultural productivity
650 0 _aFarm income
700 1 _aPray, Carl.
942 _cEK
999 _c15272
_d15272